[Event "Linares 11th"]
[Site "Linares"]
[Date "1993.??.??"]
[Round "13"]
[White "Bareev, Evgeny"]
[Black "Karpov, Anatoly"]
[Result "1/2-1/2"]
[WhiteElo "2670"]
[BlackElo "2725"]
[PlyCount "86"]
[EventDate "1993.02.??"]
[EventType "tourn"]
[EventRounds "13"]
[EventCountry "ESP"]
[EventCategory "18"]
[SourceTitle "CBM 034"]
[Source "ChessBase"]
[SourceDate "1993.06.01"]
[SourceVersion "1"]
[SourceVersionDate "1993.06.01"]
[SourceQuality "1"]

1. d4 Nf6 2. c4 e6 3. Nc3 Bb4 4. Qc2 O-O 5. a3 Bxc3+ 6. Qxc3 b6 7. Nf3 Bb7 8. e3 d6 9. b3 Nbd7 10. Bb2 Ne4 11. Qc2 f5 12. Bd3 ({RR} 12. Be2) ({RR} 12. Be2 Rf6 13. O-O Rg6 14. Rad1 Qe7 15. d5 c5 16. Ne1 Qh4 17. f3 Ng5 18. g3 Qh6 19. Bd3 Rf8 20. Ng2 Ne5 21. Nh4 exd5 22. Bxf5 Rgf6 23. f4 Rxf5 24. Nxf5 Ngf3+ 25. Kh1 Rxf5 26. fxe5 d4 {Melikhov,E (2172)-Zhigalko,S (2572) chess.com INT 2024 0-1}) 12... Ndf6 ({RR} 12... Qe8 13. O-O Qh5 14. d5 exd5 15. Nd4 Ne5 16. Be2 Qg6 17. f3 Nc5 18. cxd5 Bxd5 19. Rad1 Kh8 20. b4 Ncd7 21. Kh1 c6 22. b5 Nc5 23. Qb1 Rad8 24. Ba1 cxb5 25. Bxb5 Bc4 26. Ne2 Bxb5 27. Qxb5 {Bareev,E (2680)-Timman,J (2630) Tilburg 1991 0-1 (59)}) 13. O-O $146 ({RR} 13. h3 Qe8 14. Rg1 Qh5 15. O-O-O a5 16. Nh2 Qh4 17. Rdf1 c5 18. Nf3 Qh5 19. Be2 Qe8 20. dxc5 bxc5 21. g4 a4 22. gxf5 exf5 23. Ng5 Nxf2 24. Qxf5 Qxe3+ 25. Kb1 Be4+ 26. Nxe4 Qxe4+ 27. Qxe4 N2xe4 {Polomis,Z (1750)-Peniska,P (1880) Klatovy 1997 0-1 (51)}) ({RR} 13. h3 c5 14. Rg1 cxd4 15. exd4 Rc8 16. g4 b5 17. gxf5 exf5 18. O-O-O bxc4 19. bxc4 Bd5 20. Kb1 Bxc4 21. Nh4 Be6 22. Qe2 Qb6 23. Bxe4 Nxe4 24. d5 Nc3+ 25. Ka1 Nxe2 26. Rxg7+ Kh8 27. Re7+ Nc3 {Nasyrova,E (2261)-Nechaeva,M (2352) Sochi 2020 0-1}) 13... Qe7 14. Nd2 Nxd2 15. Qxd2 Ne4 16. Qe2 c5 17. f3 Nf6 18. b4 Rac8 19. Rab1 Rc7 20. Rfd1 Nh5 21. dxc5 bxc5 22. bxc5 Rxc5 23. Bd4 Rcc8 24. Bxa7 Nf6 25. Bb6 Ba6 26. Ba5 Rc6 27. Bb4 Rfc8 28. h3 Qa7 29. Kh1 h6 30. Qe1 d5 31. cxd5 Nxd5 32. Bxa6 Rxa6 33. e4 Ne3 34. Rdc1 Nc2 35. Qd2 Rac6 36. exf5 exf5 37. Qd5+ Qf7 38. Rd1 Qxd5 39. Rxd5 Ne3 40. Rd4 Rc1+ 41. Rxc1 Rxc1+ 42. Kh2 Rc2 43. Kg3 g5 1/2-1/2

[Event "Corus"]
[Site "Wijk aan Zee"]
[Date "2003.01.23"]
[Round "10"]
[White "Bareev, Evgeny"]
[Black "Karpov, Anatoly"]
[Result "1/2-1/2"]
[WhiteElo "2729"]
[BlackElo "2688"]
[PlyCount "120"]
[EventDate "2003.01.11"]
[EventType "tourn"]
[EventRounds "13"]
[EventCountry "NED"]
[EventCategory "18"]
[SourceTitle "CBM 093"]
[Source "ChessBase"]
[SourceDate "2003.04.01"]
[SourceVersion "1"]
[SourceVersionDate "2003.04.01"]
[SourceQuality "1"]

1. d4 Nf6 2. c4 e6 3. Nc3 Bb4 4. Qc2 O-O 5. a3 Bxc3+ 6. Qxc3 b6 7. Bg5 Bb7 8. e3 d6 9. Ne2 Nbd7 10. Qd3 h6 11. Bh4 Qe7 12. Nc3 c5 13. Rd1 Rfd8 14. Be2 cxd4 15. Qxd4 Nc5 16. Bxf6 Qxf6 17. Qxf6 gxf6 18. Nb5 d5 19. cxd5 Bxd5 20. Nc7 Bb3 21. Nxa8 Bxd1 22. Bxd1 Rxa8 23. Bc2 Rc8 24. Kd2 $146 ({RR} 24. Ke2 Nb7 25. Bd3 f5 26. h3 Nd6 27. g4 Kg7 28. gxf5 Nxf5 29. Rg1+ Kf6 30. Rg4 Rc1 31. Rf4 Kg5 32. h4+ Kg6 33. Kd2 Rc5 34. b4 Rc7 35. a4 Kf6 36. a5 bxa5 37. bxa5 Ke5 38. a6 Nd6 {Krallmann,M (2250)-Becker,M (2241) Germany 2005 ½-½ (41)}) 24... Kf8 25. g4 Nb7 26. Rg1 Nd6 27. Bd3 Rc5 28. f3 Ke7 29. h4 Rc8 30. f4 Rc5 31. Ke2 Rc8 32. e4 e5 33. Ke3 exf4+ 34. Kxf4 Rc5 35. Rg2 Rc1 36. Rc2 Rxc2 37. Bxc2 Nc4 38. Bb3 Ne5 39. Bd5 a5 40. b3 Nd3+ 41. Ke3 Ne5 42. Kf4 Ng6+ 43. Kg3 Nf8 44. a4 Ng6 45. Bc4 Nf8 46. Kg2 Ng6 47. Kh3 Nf4+ 48. Kg3 Ng6 49. Bd5 Nf8 50. Kg2 Ng6 51. Kg3 Nf8 52. Kf3 Ng6 53. h5 Ne5+ 54. Kf4 Nd3+ 55. Kf5 Nb4 56. Bb7 Nc2 57. Kf4 Nd4 58. Bd5 Ne6+ 59. Kf5 Nd4+ 60. Kf4 Ne6+ 1/2-1/2

[Event "Linares 07th"]
[Site "Linares"]
[Date "1989.??.??"]
[Round "?"]
[White "Beliavsky, Alexander G"]
[Black "Karpov, Anatoly"]
[Result "0-1"]
[WhiteElo "2640"]
[BlackElo "2750"]
[PlyCount "82"]
[EventDate "1989.01.??"]
[EventType "tourn"]
[EventRounds "11"]
[EventCountry "ESP"]
[EventCategory "16"]
[SourceTitle "CBM 011"]
[Source "ChessBase"]
[SourceDate "1989.08.01"]
[SourceVersion "1"]
[SourceVersionDate "1989.08.01"]
[SourceQuality "1"]

1. d4 Nf6 2. c4 e6 3. Nc3 Bb4 4. e3 O-O 5. Bd3 c5 6. Nf3 d5 7. O-O dxc4 8. Bxc4 Nbd7 9. Qe2 b6 10. a3 cxd4 11. axb4 dxc3 12. bxc3 Qc7 ({RR} 12... Bb7 13. Bb2 {½-½ (14) Campos Moreno,J (2409)-Asis Gargatagli,H (2516) Barcelona 2022}) 13. Bb2 Bb7 14. Ba6 Bxa6 15. Rxa6 Rfc8 16. Rd1 h6 $146 ({RR} 16... Ne5 17. Nxe5 Qxe5 18. c4 Qe4 19. Rc1 Ne8 20. f3 Qb7 21. Raa1 a5 22. bxa5 bxa5 23. Qc2 Qc6 24. Qa4 Nd6 25. c5 Nb7 26. Qg4 e5 27. Bxe5 f6 28. Qc4+ Kh8 29. Bd4 Nd8 30. Qa4 Qe6 31. Rab1 {Fayard,A (2279)-Pogorelov,R (2441) Pamplona 2009 ½-½ (42)}) 17. h3 Qb7 18. b5 Nc5 19. Raa1 a6 20. c4 axb5 21. Bxf6 gxf6 22. Rxa8 Qxa8 23. cxb5 Ne4 24. Qb2 Rc5 25. Nd4 Qd5 26. Rc1 Kg7 27. Rxc5 bxc5 28. Ne2 Qd1+ 29. Kh2 Nd6 30. Ng3 h5 31. f3 Qd5 32. h4 c4 33. b6 Kg6 34. Qb4 f5 35. b7 Nxb7 36. Qe7 Qd8 37. Qxb7 Qxh4+ 38. Kg1 Qxg3 39. Qb4 Qc7 40. Qf8 c3 41. f4 Kf6 0-1

[Event "Reggio Emilia-A 8990 32nd"]
[Site "Reggio Emilia"]
[Date "1989.??.??"]
[Round "4"]
[White "Beliavsky, Alexander G"]
[Black "Karpov, Anatoly"]
[Result "0-1"]
[WhiteElo "2640"]
[BlackElo "2750"]
[PlyCount "114"]
[EventDate "1989.12.??"]
[EventType "tourn"]
[EventRounds "10"]
[EventCountry "ITA"]
[EventCategory "15"]
[SourceTitle "EXT 1997"]
[Source "ChessBase"]
[SourceDate "1996.11.15"]
[SourceVersion "1"]
[SourceVersionDate "1996.11.15"]
[SourceQuality "1"]

1. d4 {Sumets,Andrey Speelman,Jonathan S} Nf6 2. c4 e6 3. Nc3 Bb4 4. e3 O-O 5. Bd3 c5 6. Nf3 d5 7. O-O dxc4 8. Bxc4 Nbd7 9. Ne2 ({RR} 9. Bd2 cxd4 10. Nxd4 ({RR} 10. exd4 b6 ({RR} 10... a6 11. Qe2 b5 12. Bd3 Bb7) 11. Qe2 Bb7 12. Bd3 Re8 13. Rad1 Bxc3 ({RR} 13... Rc8 14. a3 Bd6) 14. bxc3 Qc7 15. Rfe1 Rac8 16. Ne5 Nxe5 17. dxe5 Qc6 18. f4 Nd5 19. f5 exf5 20. Bxf5 Rcd8 21. e6 Nf6 22. exf7+ ({RR} 22. Kh1 Kh8) 22... Kxf7 23. Qf2 Rxe1+ 24. Rxe1 Qxg2+) 10... Ne5 ({RR} 10... Nb6 11. Be2 ({RR} 11. Bb3 Bd7 ({RR} 11... e5 12. Nc2 Bc5 13. e4 Qe7 14. Be3 Bg4 15. f3 Be6 16. Bxe6 ({RR} 16. Qe2 Bxb3 17. axb3 a6 ({RR} 17... Rfd8 18. Ra5 Bxe3+ 19. Nxe3) 18. Bxc5 Qxc5+ 19. Qf2 Qxf2+ 20. Kxf2 Rfd8) 16... fxe6 17. Qe2 Rac8 18. Rf2 Nc4 19. Bxc5 Qxc5 20. Na4 Qa5) 12. Qe2 Rc8 13. e4 e5 ({RR} 13... Be8 14. Nf3 Bc6 15. Rad1 Qc7) 14. Nc2 Bc5 15. Be3 Qe7 16. Rfd1 Be6 17. Bxc5 Rxc5 ({RR} 17... Qxc5 18. Bxe6 fxe6 19. Ne3 Rfd8) 18. Ne3 Rcc8 19. Bxe6 Qxe6 20. Rd3) 11... e5 12. Nf3 Qe7 13. a3 Bc5 14. Nb5 ({RR} 14. Qc2 e4 15. Nd4 Bd7 16. Rac1 Rac8) 14... Nbd5 15. Rc1 e4 16. Nfd4 a6 17. Qc2 Bb6 18. Nc3 Bxd4 19. exd4 e3 20. Nxd5 Nxd5 21. Ba5 Be6 ({RR} 21... Qg5 22. Bf3 Bf5 23. h4 Qg6) 22. Bf3 Rac8 23. Qe2 exf2+ 24. Qxf2 Qd7 25. Rc5 {RR} b6 26. Rxc8 Rxc8 27. Bxd5 Bxd5 28. Bxb6 Rc6) 11. Be2 ({RR} 11. Bb3 Bd7 12. Qe2 Nc6 13. Nf3 Rc8 14. a3 Ba5 15. Rfd1 Qb6 ({RR} 15... Bc7 16. Be1 Qe7 17. Rac1 Rfd8) 16. Bc4 Qd8 17. e4 Ng4 18. Bg5 Qe8 19. Nb5 Bc7 20. Nxc7 Rxc7 21. h3 ({RR} 21. Bf4 e5 22. Bg3) 21... Nge5) 11... Bc5 ({RR} 11... Bd7 12. Qb3 Bc5 13. Rfd1 ({RR} 13. Qxb7 Rb8 14. Qa6 Rxb2) 13... Qb8 14. Be1 Neg4) 12. Rc1 ({RR} 12. Nf3 Ng6 13. Rc1 b6 14. Qa4 Bb7 15. Rfd1 a6 16. Qb3 Bd6) 12... b6 ({RR} 12... Bxd4 13. exd4 Qxd4 14. Nb5 Qh4 ({RR} 14... Qb6 15. Be3 Qa5 16. b4 Qd8 17. Nc7 Rb8 18. Qxd8 Rxd8 19. Bxa7) ({RR} 14... Qd8 15. Bb4) 15. Bc3 Nc6 16. Bf3) 13. b4 ({RR} 13. Ncb5 Bb7 14. b4 Bxd4 15. Nxd4 Qd7 16. f3 Rac8 17. Be1 ({RR} 17. Qb3 Bd5 18. Qb1 Bc4) 17... Rxc1 18. Qxc1 Rc8 19. Qa3 a6) 13... Bxd4 ({RR} 13... Bxb4 14. f4 Bxc3 ({RR} 14... Ng6 15. Nc6 Qd6 16. Nxb4 Qxb4 17. Nd5 Qd6 18. Nxf6+ gxf6 19. Bc3 Qxd1 20. Rfxd1 e5 21. Bf3 Rb8 22. Bb4) 15. Bxc3 Ng6 ({RR} 15... Ned7 16. Bf3 Ba6 17. Re1 Nd5 ({RR} 17... Rc8 18. Nc6 Qe8 ({RR} 18... Qc7 19. Ne7+) 19. Bb4 Nc5 20. Qd6) 18. Bxd5 exd5 19. Nf5 Nf6 20. Nxg7 Kxg7 21. Qg4+ Kh8 22. Qg5) 16. Bb4 Re8 17. Bb5 Bd7 18. Nc6) 14. exd4 Ng6 ({RR} 14... Qxd4 15. Nb5 Qd7 ({RR} 15... Qh4 16. f4 Ned7 ({RR} 16... Ng6 17. Rc4 a6 18. f5 axb5 19. Rxh4 Nxh4 20. g4 exf5 21. Bg5 Ng6 22. Bxf6 gxf6 23. gxf5) 17. g3 Qh6 18. f5 Qh3 19. Bf3 Ba6 20. Bg2 Qg4 21. Qxg4 Nxg4 22. Bxa8 Bxb5 23. fxe6 Rxa8 24. exd7 Bxd7 25. Rc7) 16. Rc7 Qd8 17. Bc3 Ned7 18. Bf3 Ba6 19. Bxa8 Bxb5 20. Rxa7 Bxf1 21. Qxf1 Qb8 22. Ra3) 15. Bf3 ({RR} 15. Be3 Bb7 16. Bd3 Rc8 17. Qe2 Nd5 18. Nxd5 Qxd5) 15... Rb8 16. Re1 ({RR} 16. Bg5 h6 17. Bxf6 Qxf6 18. Qa4 ({RR} 18. d5 Bb7 19. dxe6 Rbd8 20. Qe2 Bxf3 21. exf7+ Rxf7 22. Qxf3 Qxf3 23. gxf3 Rd4 24. a3 Rxf3) 18... Bb7 19. Bxb7 Rxb7 20. d5 Nf4) 16... h6 ({RR} 16... Bb7 17. Bxb7 Rxb7 18. Bg5 h6 19. Bxf6 Qxf6 20. d5 Rd8 ({RR} 20... Rd7 21. Qa4 Rfd8 22. dxe6 fxe6 23. Ne4 Qe7) 21. Qb3 Nf4 22. Rcd1 Qg5 23. g3 Nxd5 24. Nxd5 exd5 25. f4 Qf5 26. Re5 Qc8 27. Rexd5) 17. Nb5 a6 18. Na7 Bb7 19. b5 ({RR} 19. Nc6 Bxc6 20. Bxc6 Qxd4 21. Bc3 Qxd1 22. Rexd1 Ne7) ({RR} 19. Bxb7 Rxb7 20. Nc6 Qd5 21. Qb3 Qxb3 22. axb3 Nd5) 19... Bxf3 ({RR} 19... axb5 20. Bb4 Bxf3 21. Qxf3 Re8 22. Nc6 Qd5 23. Nxb8 ({RR} 23. Qxd5 Nxd5 24. Nxb8 Nxb4 25. Rb1 ({RR} 25. Nc6 Nd3) 25... Nc2 26. Re2 Nxd4 27. Rd2 e5 28. Na6) 23... Qxf3 24. gxf3 Rxb8 25. Bd6 Ra8) 20. Qxf3 Ra8 21. Nc6 ({RR} 21. Qb7 axb5 22. Nc6 Qd5) 21... Qd5 22. Qxd5 Nxd5 23. Nb4 Nxb4 {Kamsky,G (2762)-Leko,P (2732) Tashkent 2012 CBM 152 [Sumets,Andrey] 0-1 (48)}) ({RR} 9. Qe2) ({RR} 9. a3) ({RR} 9. Qb3) ({RR} 9. Bd3) ({RR} 9. Qd3) ({RR} 9. Qc2 Bxc3 10. bxc3 b6 11. Ba3 Qc7 12. Bd3 Bb7 13. e4 h6 14. e5 Nd5 15. c4 Nf4 16. Be4 Rfc8 17. Rac1 Bxe4 18. Qxe4 Ng6 19. Rfe1 cxd4 20. Bd6 Qc6 21. Qxd4 Nc5 22. Red1 Rd8 23. Qg4 Qe4 {Samarth,R (1240)-Zhou,Y (1670) Tornelo INT 2021 0-1 (46)}) 9... cxd4 10. Nexd4 Qe7 $146 ({RR} 10... Qc7 11. Be2 ({RR} 11. Bb3 Nc5 12. Bc2 Nce4) 11... Rd8 12. Bd2 Bf8 ({RR} 12... Bxd2 13. Qxd2 Ne4 14. Rfc1) 13. Rc1 ({RR} 13. Qe1) 13... Qb6 14. Qc2 Nc5 15. Ne5 ({RR} 15. Rfd1 Bd7) 15... Nce4 16. Be1 ({RR} 16. Nc4 Qc7 ({RR} 16... Qc5) 17. Ba5 b6 18. Nxb6 Qxc2 19. Nxa8 Qxb2 20. Bxd8) 16... Qc5 17. Nc4 ({RR} 17. Qxc5 Bxc5 18. Nb3 Bd6 19. Nc4 Bf8) 17... Bd7 ({RR} 17... b6) 18. Bf3 ({RR} 18. f3 Nd6) 18... Qd5 ({RR} 18... Ng5 19. Bxb7 Rab8 20. Ba5 Re8 21. b4) 19. Nd2 Rac8 20. Qb1 Rxc1 21. Qxc1 e5 22. Nxe4 ({RR} 22. Qc7 Rc8 23. Nxe4 Nxe4 24. Bxe4 Rxc7 25. Bxd5 exd4 26. Bd2 ({RR} 26. exd4 Bb5) 26... Rc2) 22... Nxe4 23. Ne2 Qd3 ({RR} 23... Bb5 24. Ba5 ({RR} 24. Bc3) ({RR} 24. Bxe4 Qxe4 25. Nc3 Qc4) ({RR} 24. Nc3 Qc5 25. Bxe4 Qc4 26. Bd2 Qxf1+ 27. Qxf1 Bxf1 28. Kxf1 Rxd2) 24... Bxe2 25. Bxd8 Bxf3 ({RR} 25... Bxf1 26. Qxf1) 26. gxf3 Nd2 27. Rd1 Nxf3+ 28. Kf1) ({RR} 23... Bc6 24. Nc3 Nxc3 25. Bxc3 e4 26. Be2 Qxa2) 24. Ba5 Rc8 25. Qd1 {Speelman,J (2630)-Beliavsky,A (2655) Reykjavik 1991 CBM 026 [Speelman,Jonathan S] ½-½ (49)}) ({RR} 10... e5 11. Qb3 Bd6 12. Nf5 Nc5 13. Qc2 e4 14. Nxd6 Qxd6 15. Rd1 Qe7 16. Nd4 Bg4 17. f3 exf3 18. gxf3 Bd7 19. b3 Rfe8 20. Qf2 Rad8 21. Ba3 b6 22. Re1 h6 23. Rad1 Nh7 24. Bf1 Ng5 25. h4 {Ivanchuk,V (2730)-Dorfman,J (2585) Cap d'Agde 1998 1-0 (50)}) 11. a3 Bd6 12. Nb5 Bb8 13. Bd2 a6 14. Bb4 Nc5 15. Nc3 Bd7 16. Qd4 Rc8 17. a4 Ba7 18. Qh4 Bc6 19. Ne5 Be8 20. Be2 Qc7 21. Nc4 Rd8 22. a5 Nb3 23. Rad1 Bc5 24. Bxc5 Nxc5 25. Qg3 Qxg3 26. hxg3 Bc6 27. f3 Nb3 28. e4 Kf8 29. Kf2 Ke7 30. Ke3 Nh5 31. Kf2 Nf6 32. Rxd8 Rxd8 33. Bd1 Nd2 34. Nd5+ exd5 35. Nxd2 dxe4 36. Nb1 exf3 37. Bxf3 Bxf3 38. gxf3 Rd5 39. Rc1 Rb5 40. Rc2 Kd7 41. Nc3 Rxa5 42. Rd2+ Ke7 43. g4 Rc5 44. Ke3 h6 45. Kd4 Rc6 46. Rg2 Rd6+ 47. Ke5 Nd7+ 48. Kf4 Nc5 49. Re2+ Kd7 50. Kg3 Rd3 51. Re5 Ne6 52. Ne4 Kc6 53. Rf5 f6 54. Nxf6 Nd4 55. Nh5 Nxf5+ 56. gxf5 Rd7 57. Kf4 Re7 0-1

[Event "URS-chT Republics 13th final A"]
[Site "Riga"]
[Date "1975.07.??"]
[Round "5"]
[White "Beliavsky, Alexander G"]
[Black "Karpov, Anatoly"]
[Result "1/2-1/2"]
[WhiteElo "2500"]
[BlackElo "2705"]
[PlyCount "139"]
[EventDate "1975.07.??"]
[EventType "team-tourn"]
[EventRounds "4"]
[EventCountry "URS"]
[SourceTitle "EXT 2020"]
[Source "ChessBase"]
[SourceDate "2019.10.17"]
[SourceVersion "1"]
[SourceVersionDate "2019.10.17"]
[SourceQuality "1"]
[WhiteTeam "Ukraine"]
[BlackTeam "Leningrad"]
[WhiteTeamCountry "UKR"]
[BlackTeamCountry "RUS"]

1. d4 {Khalifman,Alexander} ({RR} 1. e4 c6 2. d4 d5 3. exd5 cxd5 4. c4 Nf6 5. Nc3 e6 6. Nf3 Bb4 7. Bd3 dxc4 8. Bxc4 O-O {½-½ (18) Tolnai,T (2535)-Horvath,C (2524) Lillafured 1999}) 1... Nf6 2. c4 e6 3. Nc3 Bb4 4. e3 c5 5. Bd3 O-O 6. Nf3 d5 7. O-O dxc4 8. Bxc4 cxd4 9. exd4 b6 10. Bg5 Bb7 11. Qe2 Bxc3 12. bxc3 Nbd7 13. Bd3 Qc7 14. c4 Ng4 15. Be4 ({RR} 15. g3 Rfe8 16. Bf4 e5 17. Ng5 Ngf6 18. dxe5 Nxe5 19. Rae1 Qc6 20. f3 Nxd3 21. Qxd3 h6 22. Nh3 Ba6 23. Rxe8+ Rxe8 24. Rc1 Rc8) 15... Bxe4 16. Qxe4 Ngf6 17. Qe2 ({RR} 17. Qd3 h6 18. Bxf6 Nxf6 19. a4 Rac8 20. Rfc1 Rfd8 21. h3 e5 22. Nxe5 Qxe5 23. dxe5 Rxd3 24. exf6 Rd4 25. a5 gxf6 26. axb6 axb6 27. Rab1 Rdxc4 28. Rxc4 Rxc4 29. Rxb6) 17... Rac8 18. Rac1 Qb7 ({RR} 18... Rfe8 19. Rfe1 h6 ({RR} 19... Qc6 20. Qe3 Qa4 21. Qb3 Qa6) 20. Bd2 Qc6 21. Qd3 a6 22. h3 b5 23. cxb5 Qxb5 24. Qxb5 axb5 25. Rb1 Rc2 26. Rxb5 Ra8 27. Ra1 Raxa2 28. Rxa2 Rxa2 29. Rb7 {½-½ (29) Karpov,A (2735)-Van Wely,L (2605) Wijk aan Zee 1998 CBM 063 [Khalifman,Alexander]}) 19. Qb2 $146 ({RR} 19. Rfe1 Qa6 20. Rc3 Rc6 21. Bxf6 Nxf6 22. Ne5 Rd6 23. Rg3 Qb7 24. Qe3 Rfd8 25. Rxg7+ Kxg7 26. Qg5+ Kf8 27. Qxf6 Rxd4 28. Qh8+ Ke7 29. Qxh7 Qe4 30. Qxf7+ Kd6 31. Nf3 Qf4 32. Qxe6+ {1-0 (32) Norri,J (2380)-Maki Uuro,M (2280) Helsinki 1995}) 19... Qa6 20. Qb3 Rc6 21. Rc2 Rfc8 22. Rfc1 h6 23. Bf4 Qa5 24. Bd2 Qf5 25. d5 Nc5 26. Qe3 Rd6 27. Nd4 Qd3 28. Nc6 Rd7 29. Ne5 Qxe3 30. Bxe3 Rb7 31. Rd1 Ncd7 32. Nc6 Nb8 33. Nxb8 Rbxb8 34. Bd4 Nxd5 35. Rcc1 Nb4 36. a4 Rc6 37. Be3 Rbc8 38. Rd7 a6 39. h3 Rxc4 40. Rxc4 Rxc4 41. Bxb6 Nd5 42. a5 Rc6 43. Bd4 f6 44. Kh2 h5 45. g3 Kh7 46. h4 Kg6 47. Kg2 Rc4 48. Bb6 Rb4 49. Rd6 Kf5 50. Rc6 g6 51. Ba7 Rb7 52. Bd4 e5 53. Bb6 Rd7 54. Kf3 Ne7 55. Rc2 Ke6 56. Be3 Rd5 57. Bb6 Rd6 58. Rc7 Rd3+ 59. Kg2 Rd7 60. Rc1 Rd6 61. Rc7 Nd5 62. Rb7 Nxb6 63. axb6 Kd5 64. Rg7 Rxb6 65. Rxg6 a5 66. g4 hxg4 67. h5 Ke6 68. h6 Rb8 69. Rxg4 Ra8 70. Rg7 1/2-1/2

[Event "ESP-chT"]
[Site "Lanzarote"]
[Date "2003.05.09"]
[Round "4.1"]
[White "Campos Moreno, Javier B"]
[Black "Karpov, Anatoly"]
[Result "1/2-1/2"]
[WhiteElo "2480"]
[BlackElo "2686"]
[PlyCount "31"]
[EventDate "2003.05.06"]
[EventType "team"]
[EventRounds "9"]
[EventCountry "ESP"]
[SourceTitle "CBM 094 Extra"]
[Source "ChessBase"]
[SourceDate "2003.07.09"]
[SourceVersion "2"]
[SourceVersionDate "2003.07.09"]
[SourceQuality "1"]
[WhiteTeam "Barcelona Vulca"]
[BlackTeam "Tiendas UPI"]
[WhiteTeamCountry "ESP"]
[BlackTeamCountry "ESP"]

1. d4 {Marin,Mihail} Nf6 2. c4 e6 3. Nc3 Bb4 4. Nf3 c5 ({RR} 4... b6) 5. g3 cxd4 6. Nxd4 O-O ({RR} 6... Ne4 7. Qd3 Bxc3+ 8. bxc3 Nc5 9. Qf3 d6 10. Bg2 e5 11. Nf5 Qf6 12. Ne3 Qxf3 13. Bxf3 Be6 14. Ba3 Nba6 15. O-O-O Ke7 16. Bg2 Rad8 17. f4 f6 18. Rhf1 b6 19. g4 Nc7 20. h4) 7. Bg2 d5 8. cxd5 Nxd5 9. Qb3 Qa5 10. Bd2 Nc6 11. Nxc6 bxc6 12. O-O Bxc3 13. Bxc3 ({RR} 13. bxc3 Ba6 14. Rfd1 Qc5 15. e4 Bc4 16. Qa4 Nb6 17. Qb4 Qh5 18. Re1 ({RR} 18. Be3 Be2 19. Rd2 Rab8 20. Bxb6 axb6 21. Qd6 Rfc8 ({RR} 21... Bf3 22. Qxc6 Bxg2 23. Kxg2 Qe5 24. Qc4 Rfc8 25. Qd4 Qa5 26. Rb1 h6 27. Rb4 Qc5 28. Rd3 Qc7) 22. Rb1 h6 23. e5 Bf3 24. a4 Ra8 25. Qd4 b5 26. Bxf3 Qxf3 27. Rd3) ({RR} 18. Bf4 c5 ({RR} 18... e5) ({RR} 18... Be2) 19. Qa5 e5 20. Be3 Be2 21. Re1 Nc4 ({RR} 21... Rfc8) 22. Qa6 Nxe3 23. Rxe2 Nxg2 24. Kxg2 Rad8 25. Rae1 Rd7 26. Qb5 Rfd8 ({RR} 26... Rc7 27. Rd2) 27. Qxc5) 18... c5 ({RR} 18... Be2 19. h3 Rfd8 ({RR} 19... c5 20. Qb3) 20. Bf4 Rac8 ({RR} 20... e5 21. g4 Qg6 22. Bxe5) 21. g4 Qb5 22. a4 Qa6 23. a5) 19. Qa5 Rfc8 20. Be3 ({RR} 20. Bf4 e5 21. Be3 Be6) 20... Be2 21. Bf4 ({RR} 21. h3 Nc4 22. Qa6 Nxe3 23. Rxe2 Nxg2 24. Kxg2 Qe5) 21... e5 22. Be3 ({RR} 22. Bxe5 Nc4 23. Qa6 Qxe5 24. Rxe2 Qxc3) 22... Bg4 ({RR} 22... Nc4 23. Qa6 Nxe3 ({RR} 23... Bd3 24. Rad1) 24. Rxe2 Nxg2 25. Kxg2) ({RR} 22... f6 23. Bxc5 Nc4 24. Qb5 Rab8 25. Qd7 Rxc5 26. Rab1 Rb6 ({RR} 26... Rf8 27. Rb7 Qf7 28. Rxe2) ({RR} 26... Rxb1 27. Rxb1 h6 ({RR} 27... Nb6 28. Qxa7) 28. Bh3) 27. Bh3 Kf8 28. Rxb6 axb6 29. Be6 Qe8 30. Qxe8+ Kxe8 31. Rxe2) ({RR} 22... h6 23. h3) 23. Qa6 f6 24. a4 Qf7 25. Bf1 Be6 26. Rab1 ({RR} 26. a5 Bc4 27. Bxc4 Nxc4 ({RR} 27... Qxc4 28. axb6) 28. Rab1 Rc7) 26... c4 ({RR} 26... Rc7 27. Rxb6) ({RR} 26... Bc4 27. Bxc4 Qxc4 ({RR} 27... Nxc4 28. Rb7) 28. Rxb6) ({RR} 26... f5 27. exf5) 27. a5 Na4 {Kramnik,V (2772)-Anand,V (2783) Bonn 2008 CBM 127 [Marin,Mihail] 1-0} ({RR} 27... Nd7 28. Rb7)) ({RR} 13. bxc3 Ba6 14. Rfd1 Qc5 15. e4 Bc4 16. Qa4 Nb6 17. Qb4 Qh5 18. Be3 Be2 19. Re1 Nc4 20. Qc5 Nxe3 21. Qxe3 Bc4 22. Qd4 Be2 23. Qd6 Rac8 24. h3 Rfd8 25. Qe7 a5 26. g4 Qb5 27. Rab1 Qc4 {Chatalbashev,B (2466)-Hammer,J (2596) Hell NOR 2024 ½-½ (35)}) ({RR} 13. bxc3 Ba6 14. Rfd1 Qc5 15. e4 Bc4 16. Qc2 Nb6 17. Be3 Qa3 18. Qd2 Bb5 19. Qc1 Qa6 20. Bc5 Rfd8 21. Rd4 e5 22. Rxd8+ Rxd8 23. h4 h6 24. Bh3 Na4 25. Qa3 Rd3 26. Be3 Qb7 27. Rc1 Nb6 {Karpov,A (2619)-Jakovenko,D (2736) Moscow 2009 0-1 (47)}) 13... Nxc3 14. bxc3 Ba6 15. Qb4 Qxb4 $146 16. cxb4 1/2-1/2

[Event "Hoogovens"]
[Site "Wijk aan Zee"]
[Date "1993.01.??"]
[Round "2"]
[White "Christiansen, Larry Mark"]
[Black "Karpov, Anatoly"]
[Result "1-0"]
[WhiteElo "2620"]
[BlackElo "2725"]
[PlyCount "117"]
[EventDate "1993.01.??"]
[EventType "k.o."]
[EventRounds "5"]
[EventCountry "NED"]
[SourceTitle "CBM 034"]
[Source "ChessBase"]
[SourceDate "1993.06.01"]
[SourceVersion "1"]
[SourceVersionDate "1993.06.01"]
[SourceQuality "1"]

1. d4 Nf6 2. c4 e6 3. Nc3 Bb4 4. Qb3 Qe7 5. Bg5 b6 6. a3 Bxc3+ 7. Qxc3 Bb7 8. f3 d6 $146 ({RR} 8... c5 9. e3 h6 10. Bh4 d6 11. Bd3 Nbd7 12. Ne2 Rc8 13. b4 cxd4 14. exd4 O-O 15. O-O b5 16. Qb3 bxc4 17. Bxc4 Nb6 18. Bd3 Bd5 19. Qb2 Nc4 20. Bxc4 Bxc4 21. Rac1 g5 22. Bf2 Nd5 23. Rfe1 {Danielsson,R (1993)-Goncharov,V (2041) Drammen 2018 0-1 (41)}) 9. Nh3 h6 10. Bh4 Nbd7 11. e3 c5 12. dxc5 bxc5 13. Be2 d5 14. Bf2 O-O 15. O-O Nb6 16. b3 e5 17. cxd5 Nbxd5 18. Qc2 e4 19. f4 Bc8 20. Kh1 Rb8 21. Ng1 Ng4 22. Bxg4 Bxg4 23. h3 Be6 24. Ne2 f5 25. Rfc1 Rfc8 26. Rab1 Qf7 27. Qd1 Bd7 28. Nc3 Nxc3 29. Rxc3 Be6 30. Bh4 Kh7 31. Kh2 Rb7 32. Qc2 c4 33. bxc4 Rxb1 34. Qxb1 Rxc4 35. Be1 a6 36. Qb6 Rxc3 37. Bxc3 Bc4 38. Qd4 Bd3 39. g4 fxg4 40. hxg4 Qg6 41. Qd7 Be2 42. Kg3 h5 43. g5 Bg4 44. Qe7 Bf5 45. Kh4 Bg4 46. Qf8 Be6 47. f5 Bxf5 48. Bxg7 Qe6 49. Bf6 Qd7 50. Qh6+ Kg8 51. g6 Bxg6 52. Qxg6+ Kf8 53. Qh6+ Ke8 54. Qh8+ Kf7 55. Qg7+ Ke6 56. Qxd7+ Kxd7 57. Kxh5 Ke6 58. Bd4 Kf5 59. a4 1-0

[Event "Dortmund"]
[Site "Dortmund"]
[Date "1994.??.??"]
[Round "8"]
[White "Dreev, Alexey"]
[Black "Karpov, Anatoly"]
[Result "1/2-1/2"]
[WhiteElo "2645"]
[BlackElo "2740"]
[PlyCount "40"]
[EventDate "1994.07.??"]
[EventType "tourn"]
[EventRounds "9"]
[EventCountry "GER"]
[EventCategory "16"]
[SourceTitle "CBM 042"]
[Source "ChessBase"]
[SourceDate "1994.10.01"]
[SourceVersion "1"]
[SourceVersionDate "1994.10.01"]
[SourceQuality "1"]

1. d4 Nf6 2. c4 e6 3. Nf3 b6 4. Nc3 Bb4 5. Qb3 Qe7 6. g3 Bb7 7. Bg2 c5 8. a3 Bxc3+ 9. Qxc3 cxd4 10. Qxd4 Nc6 11. Qh4 Na5 12. Bg5 h6 13. O-O O-O 14. Bxf6 Qxf6 15. Qxf6 gxf6 16. Nd2 Rfc8 $146 ({RR} 16... Bxg2 17. Kxg2 Rfc8 18. Rac1 Rc7 19. Rc3 Rac8 20. Rfc1 Kf8 21. g4 {½-½ (21) Petran,P (2480)-Zsinka,L (2360) Austria 1995}) 17. Rfd1 Bxg2 18. Kxg2 Kf8 19. Rac1 Rc7 20. Rc3 Rac8 1/2-1/2